Bioenergy options for a cleaner environment in developed and developing countries / (Record no. 517)
[ view plain ]
| 000 -LEADER | |
|---|---|
| fixed length control field | 00611cam a22001694a 4500 |
| 020 ## - ISBN | |
| International Standard Book Number | 0080443516 |
| 050 00 - LIBRARY OF CONGRESS CALL NUMBER | |
| Classification Number | TP339 |
| Item Number | .B53 2004 |
| 245 00 - TITLE | |
| Title | Bioenergy options for a cleaner environment in developed and developing countries / |
| Statement of responsibility, etc | edited by Ralph E.H. Sims ; foreword by Ali Sayigh. |
| 250 ## - EDITIONSTATEMENT | |
| Edition statement | 1st ed. |
| 260 ## - PUBLICATION, DISTRIBUTION, ETC.(IMPRINT) | |
| Place of publication, distribution, etc | Amsterdam ; |
| -- | Boston : |
| Name of publisher, distributor, etc | Elsevier, |
| Date of publication, distribution, etc | 2004. |
| 300 ## - PHYSICAL DESCRIPTION | |
| Extent | xiii, 184 p. : |
| 650 #0 - SUBJECT--TOPIC | |
| Form subdivision | Chemical Technology |
| 700 1# - ADDED ENTRY--PERSONAL AUTHOR | |
| Personal Name | Sims, Ralph E. H. |
| 856 41 - URL/ELECTRONIC LOCATION AND ACCESS | |
| Uniform Resource Identifier | <a href="http://www.loc.gov/catdir/toc/els051/2003064378.html">http://www.loc.gov/catdir/toc/els051/2003064378.html</a> |
| 856 42 - URL/ELECTRONIC LOCATION AND ACCESS | |
| Uniform Resource Identifier | <a href="http://www.loc.gov/catdir/description/els051/2003064378.html">http://www.loc.gov/catdir/description/els051/2003064378.html</a> |
| 942 ## - ADDED ENTRY ELEMENTS(KOHA) | |
| Koha item type | General circulation |
| Source of classification or shelving scheme | Not for loan | Location (home branch) | Sublocation (holding branch) | Date accessioned | Cost, normal purchase price | Full call number | Barcode | Copy number | Cost, replacement price | Koha item type | Public note |
|---|---|---|---|---|---|---|---|---|---|---|---|
| Library of Congress Classification | Main Campus Library | Main Campus Library | 05/08/2014 | 2200.00 | TP339 .B53 2004 | 2017/020761 | C1 | 2600.00 | General circulation | sm | |
| Library of Congress Classification | Main Campus Library | Main Campus Library | 05/08/2014 | 2200.00 | TP339 .B53 2004 | 2017/020762 | C2 | 2600.00 | General circulation | sm | |
| Library of Congress Classification | Main Campus Library | Main Campus Library | 13/08/2014 | 2200.00 | TP339 .B53 2004 | 2017/020760 | 2600.00 | General circulation | leo |